000
00312nam a22001337a 4500
003
SGT
082
_a
615.538
_b
V15B
100
_a
SEN, BINAY
245
_a
A TEXT BOOK ON VYAVAHARAYURVEDA AND VIDHIVAIDYAKA
260
_a
DELHI
_b
CHAUKHAMBHA PUB
_c
2015
300
_a
264
650
_a
AYURVEDA
942
_2
ddc
_c
BK
_0
1
999
_c
11526
_d
11526